Developments in Science & Technology / (Record no. 175783)

MARC details
000 -LEADER
fixed length control field 00788nam a22002297a 4500
005 - DATE AND TIME OF LATEST TRANSACTION
control field 20200930113358.0
010 ## - LCCN (DPL NO)
LC control number ENG-128490
020 ## - INTERNATIONAL STANDARD BOOK NUMBER
International Standard Book Number 9788179306963
Terms of availability 535.00
035 ## - SYSTEM CONTROL NUMBER
System control number EN-112022
082 ## - DEWEY DECIMAL CLASSIFICATION NUMBER
Classification number 503
245 ## - TITLE STATEMENT
Title Developments in Science & Technology /
Statement of responsibility, etc edited by Kalpana Rajaram and Dr. R.K. Suri: Editorial Assistance provided by R. Vidya and Avinash Purohit
250 ## - EDITION STATEMENT
Edition statement 27th ed
260 ## - PUBLICATION, DISTRIBUTION, ETC. (IMPRINT)
Place of publication, distribution, etc New Delhi
Name of publisher, distributor, etc Spectrum Books
Date of publication, distribution, etc 2018
270 ## - ADDRESS
Address A1 291, First Floor, Janakpuri
City New Delhi
Postal code 110058
Telephone number 25507922, 25623501, 25611640
Electronic mail address info@spectrumbooks.in
300 ## - PHYSICAL DESCRIPTION
Extent xv, 688p.
Dimensions 24cm(pbk)
Other physical details Tables
700 ## - ADDED ENTRY--PERSONAL NAME
Personal name Rajaram, Kalpana
700 ## - ADDED ENTRY--PERSONAL NAME
Personal name Suri, R.K.
700 ## - ADDED ENTRY--PERSONAL NAME
Personal name Vidya, R.
700 ## - ADDED ENTRY--PERSONAL NAME
Personal name Purohit, Avinash
942 ## - ADDED ENTRY ELEMENTS (KOHA)
Source of classification or shelving scheme Dewey Decimal Classification
Item type English Books
Call number suffix DEV
Classification part 503
Holdings
Withdrawn status Lost status Not for loan Collection code Home library Current library Date acquired Source of acquisition Cost, normal purchase price Full call number Barcode Cost, replacement price Koha item type
      Non-fiction Ashok Vihar Ashok Vihar 30/09/2020 DBAD/PUB 535.00 503 DEV EN-112022 535.00 English Books

© Delhi Public Library
Hit Counter
free hit counter